000 01008nas a2200337 4500
001 BR0405144
003 BR-BrBNA
005 20231205104930.0
007 ta
008 230509b bl.|||p| |||| 00| 00por d
040 _aBR-BrBNA
_bpor
_cBiblioteca Nacional de Agricultura
041 _a(Pt)
072 _aL51
100 1 _aOliveira Júnior, R.C. de
100 1 _aPires, A.V.
100 1 _aSusin, I.
100 1 _aFernandes, J.J. de R.
100 1 _aSantos, F.A.P.
245 1 _aDigestibilidade de nutrientes em dietas de bovinos contendo uréia ou amiréia em substituição ao farelo de soja
650 _aGADO NELORE
650 _aSOJA
650 _aFARELO
650 _aURÉIA
650 _aDIETA
650 _aDIGESTIBILIDADE
650 _aNUTRIENTE
650 _aCOMPOSIÇÃO DE ALIMENTO
773 0 _tPesquisa Agropecuária Brasileira (Brazil)
_xISSN 0100-204X
_g(Feb 2004), v. 39(2) p. 173-178
_wBR0405144
909 _a202311
_bLúcia
_c55
_dLúcia Elande
942 _2AGRIS
_n0
_cANA
999 _c180363
_d180363